NFL QB1, RB1, WR1, TE1 2026 - Statistics

General Stats
  • This quiz has been taken 149 times
    137 since last reset
  • The average score is 93 of 128
Answer Stats
Team Pos. Answer % Correct
Buffalo Bills QB Josh Allen
100%
Buffalo Bills RB James Cook III
98%
Houston Texans QB CJ Stroud
96%
Seattle Seahawks WR Jaxon Smith-Njigba
96%
Dallas Cowboys QB Dak Prescott
95%
Minnesota Vikings RB Aaron Jones Sr.
94%
Indianapolis Colts QB Daniel Jones
94%
New York Jets QB Geno Smith
94%
Dallas Cowboys WR CeeDee Lamb
93%
Jacksonville Jaguars QB Trevor Lawrence
93%
Chicago Bears QB Caleb Williams
91%
Philadelphia Eagles QB Jalen Hurts
91%
Dallas Cowboys RB Javonte Williams
91%
Los Angeles Rams RB Kyren Williams
91%
Detroit Lions WR Amon-Ra St Brown
90%
New England Patriots QB Drake Maye
90%
Indianapolis Colts RB Jonathan Taylor
90%
Baltimore Ravens QB Lamar Jackson
90%
Philadelphia Eagles WR A.J. Brown
89%
Atlanta Falcons RB Bijan Robinson
89%
Cincinnati Bengals RB Chase Brown
89%
Atlanta Falcons QB Michael Penix Jr.
89%
Baltimore Ravens RB Derrick Henry
88%
Miami Dolphins RB De'von Achane
88%
New England Patriots TE Hunter Henry
88%
New York Giants QB Jaxson Dart
88%
Philadelphia Eagles RB Saquon Barkley
88%
Tampa Bay Buccaneers QB Baker Mayfield
86%
New York Jets WR Garrett Wilson
86%
Washington Commanders QB Jayden Daniels
86%
Green Bay Packers QB Jordan Love
86%
Denver Broncos QB Bo Nix
85%
Carolina Panthers QB Bryce Young
85%
Tennessee Titans QB Cam Ward
85%
Cincinnati Bengals WR Ja'Marr Chase
85%
Arizona Cardinals RB Jeremiyah Love
85%
Los Angeles Chargers QB Justin Herbert
85%
Houston Texans WR Nico Collins
85%
Detroit Lions QB Jared Goff
84%
Cincinnati Bengals QB Joe Burrow
84%
Kansas City Chiefs QB Patrick Mahomes
84%
Baltimore Ravens WR Zay Flowers
84%
New York Jets RB Breece Hall
83%
Minnesota Vikings QB Kyler Murray
83%
New York Giants WR Malik Nabers
83%
Seattle Seahawks QB Sam Darnold
83%
Kansas City Chiefs TE Travis Kelce
83%
Buffalo Bills WR DJ Moore
81%
Los Angeles Rams QB Matthew Stafford
81%
Philadelphia Eagles TE Dallas Goedert
80%
Buffalo Bills TE Dalton Kincaid
80%
New York Giants RB Cam Skattebo
79%
Atlanta Falcons WR Drake London
79%
Minnesota Vikings WR Justin Jefferson
79%
Kansas City Chiefs RB Kenneth Walker III
79%
Baltimore Ravens TE Mark Andrews
79%
San Francisco 49ers QB Brock Purdy
78%
Detroit Lions RB Jahymr Gibbs
78%
Miami Dolphins QB Malik Willis
78%
Los Angeles Rams WR Puka Nacua
78%
New Orleans Saints QB Tyler Shough
76%
Indianapolis Colts WR Alec Pierce
75%
San Francisco 49ers RB Christian McCaffrey
75%
Green Bay Packers WR Christian Watson
75%
Denver Broncos WR Courtland Sutton
75%
Cleveland Browns QB Deshaun Watson
75%
Dallas Cowboys TE Jake Ferguson
75%
San Francisco 49ers WR Mike Evans
75%
Kansas City Chiefs WR Rashee Rice
75%
Washington Commanders WR Terry McLaurin
75%
Tampa Bay Buccaneers RB Bucky Irving
74%
Carolina Panthers WR Tetairoa McMillan
74%
Carolina Panthers RB Chuba Hubbard
73%
Chicago Bears RB D'Andre Swift
73%
Pittsburgh Steelers WR DK Metcalf
73%
Las Vegas Raiders QB Kirk Cousins
73%
Atlanta Falcons TE Kyle Pitts Sr.
73%
New Orleans Saints RB Travis Etienne Jr.
73%
Las Vegas Raiders RB Ashton Jeanty
71%
Las Vegas Raiders TE Brock Bowers
71%
New Orleans Saints WR Chris Olave
71%
San Francisco 49ers TE George Kittle
71%
Pittsburgh Steelers RB Jaylen Warren
71%
New England Patriots RB Rhamondre Stevenson
71%
Indianapolis Colts TE Tyler Warren
71%
Green Bay Packers RB Josh Jacobs
70%
Tampa Bay Buccaneers WR Chris Godwin
69%
Chicago Bears WR Rome Odunze
69%
Detroit Lions TE Sam LaPorta
69%
Carolina Panthers TE Ja'Tavion Sanders
68%
Tennessee Titans RB Tony Pollard
68%
Arizona Cardinals TE Trey McBride
68%
Jacksonville Jaguars WR Brian Thomas Jr.
66%
Houston Texans RB David Montgomery
66%
Arizona Cardinals QB Jacoby Brissett
66%
Cleveland Browns WR Jerry Jeudy
66%
Minnesota Vikings TE T.J. Hockenson
66%
New Orleans Saints TE Juwan Johnson
64%
Los Angeles Chargers WR Ladd McConkey
64%
Chicago Bears TE Colston Loveland
63%
Arizona Cardinals WR Marvin Harrison Jr.
63%
Seattle Seahawks RB Zach Charbonnet
63%
Houston Texans TE Dalton Schultz
61%
Miami Dolphins WR Malik Washington
61%
Cleveland Browns RB Quinshon Judkins
61%
Los Angeles Chargers RB Omarion Hampton
60%
New England Patriots WR Romeo Doubs
59%
Green Bay Packers TE Tucker Kraft
58%
Tennessee Titans WR Calvin Ridley
56%
Denver Broncos RB J.K. Dobbins
54%
Pittsburgh Steelers QB Mason Rudolph
54%
Denver Broncos TE Evan Engram
51%
New York Giants TE Isaiah Likely
50%
Cleveland Browns TE Harold Fannin Jr.
49%
Cincinnati Bengals TE Mike Gesicki
49%
Tampa Bay Buccaneers TE Cade Otton
48%
Jacksonville Jaguars TE Brenton Strange
46%
Washington Commanders RB Jacory Croskey-Merritt
46%
Pittsburgh Steelers TE Pat Freiermuth
46%
Las Vegas Raiders WR Tre Tucker
46%
Seattle Seahawks TE A.J. Barner
44%
New York Jets TE Kenyon Sadiq
41%
Washington Commanders TE Chig Okonkwo
39%
Los Angeles Rams TE Colby Parkinson
38%
Los Angeles Chargers TE Oronde Gadsden
30%
Tennessee Titans TE Gunnar Helm
24%
Miami Dolphins TE Greg Dulcich
19%
Jacksonville Jaguars RB Chris Rodriguez Jr.
15%
No matching quizzes found
Score Distribution
Percent of People with Each Score
Percentile by Number Answered
Your Score History
You have not taken this quiz since the last reset